| 000 | 01156nac a22003617a 4500 | ||
|---|---|---|---|
| 001 | BR9901311 | ||
| 003 | BR-BrBNA | ||
| 005 | 20240105122201.0 | ||
| 008 | 230509b bl.|||m| |||| 00| 0 por d | ||
| 040 |
_aBR-BrBNA _bpor _cBiblioteca Nacional de Agricultura |
||
| 072 | _aE70 | ||
| 090 | _a0120 BR9901311 | ||
| 100 | 1 | _aHelfand, S.M. | |
| 100 | 1 | _aRezende, G.C. de | |
| 110 | 1 |
_aInstituto de Pesquisa Economica Aplicada, Rio de Janeiro, RJ (Brasil) _96126 |
|
| 245 | 1 | _aMudancas na distribuicao espacial da producao de graos, aves e suinos no Brasil: o papel do centro-oeste | |
| 260 | 3 |
_aRio de Janeiro, RJ (Brasil): _c1998. |
|
| 300 | _a38 p. | ||
| 490 |
_aTexto para Discussao - Instituto de Pesquisa Economica Aplicada (Brazil) _vno. 611 _xISSN 1415-4765 |
||
| 500 | _aSummaries (En, Pt); 15 ref.; 14 tables; 8 illus. | ||
| 650 | _aMilho | ||
| 650 | _aSoja | ||
| 650 | _aFrango | ||
| 650 | _aSuino | ||
| 650 | _aAnalise Economica | ||
| 650 | _aCrescimento | ||
| 650 | _aConsumo | ||
| 650 | _aPreco | ||
| 650 | _aCusto | ||
| 650 | _aCentro-Oeste | ||
| 909 |
_a202312 _bLúcia Elande _c55 _dLúcia Elande |
||
| 942 |
_2AGRIS _n0 _cMS |
||
| 999 |
_c289667 _d289667 |
||